| 000 | 00572nam a22001937a 4500 | ||
|---|---|---|---|
| 003 | MPLRDC | ||
| 005 | 20220104203513.0 | ||
| 008 | 210129b ||||| |||| 00| 0 eng d | ||
| 020 | _a978-986-5956-11-0 | ||
| 082 | _a173.73 LAN | ||
| 100 | _a玛蒂·兰妮 MARTI OLSEN LANEY | ||
| 245 |
_a内向心理学 _c杨秀君 译 |
||
| 250 | _a二版七刷第一次 | ||
| 260 |
_a台湾 _b漫游者文化事业股份有限公司 _c2012 |
||
| 300 | _b平 | ||
| 520 | _a2018-05-25 各类型笔纪录--pg.部分页面。 | ||
| 650 | _a类型心理学 | ||
| 942 |
_cBK _o173.73 LAN |
||
| 999 |
_c68161 _d68151 |
||